| Tag |
First Indicator |
Second Indicator |
Subfields |
| LEADER |
00000cam a22000008i 4500 |
| 001 |
in00000619821 |
| 005 |
20151015050538.0 |
| 008 |
780207s1978 nyucf 00110aeng |
| 010 |
|
|
|a 78001934
|
| 020 |
|
|
|a 0396075711
|
| 035 |
|
|
|a (OCoLC)03669408
|
| 035 |
|
|
|9 ACT0366AM
|
| 040 |
|
|
|a DLC
|c DLC
|d TXA
|d UtOrBLW
|
| 043 |
|
|
|a n-us---
|
| 049 |
|
|
|a TXAM
|c [1539453]
|
| 050 |
0 |
0 |
|a E748.C867
|b A34
|
| 082 |
0 |
|
|a 328.73/092/4
|a B
|
| 100 |
1 |
|
|a Cotton, Norris,
|d 1900-1989.
|
| 245 |
1 |
0 |
|a In the Senate :
|b amidst the conflict and the turmoil /
|c by Norris Cotton.
|
| 264 |
|
1 |
|a New York :
|b Dodd, Mead,
|c 1978.
|
| 300 |
|
|
|a vii, 239 pages, 1 unnumbered leaf of plates :
|b portrait ;
|c 24 cm.
|
| 336 |
|
|
|a text
|b txt
|2 rdacontent
|
| 337 |
|
|
|a unmediated
|b n
|2 rdamedia
|
| 338 |
|
|
|a volume
|b nc
|2 rdacarrier
|
| 500 |
|
|
|a Includes index.
|
| 600 |
1 |
0 |
|a Cotton, Norris,
|d 1900-1989.
|
| 610 |
1 |
0 |
|a United States.
|b Congress.
|b Senate
|x Biography.
|
| 650 |
|
0 |
|a Legislators
|z United States
|v Biography.
|
| 651 |
|
0 |
|a United States
|x Politics and government
|y 20th century.
|
| 999 |
|
|
|a MARS
|
| 999 |
f |
f |
|s 9204674d-9cdc-332a-91f7-df1b51309fb4
|i 9e2b9e73-a28f-3ca7-aa7e-0b935c46c1ab
|t 0
|
| 952 |
f |
f |
|p ric
|a Texas A&M University
|b Rellis Campus
|c Joint Library Facility
|d Remote Storage
|t 0
|e E748.C867 A34
|h Library of Congress classification
|i unmediated -- volume
|m A14802249356
|
| 998 |
f |
f |
|a E748.C867 A34
|t 0
|l Remote Storage
|